| LEADER |
01645nam0a2200193 450 |
| 001 |
16868270 |
| 010 |
|
|
|a 978-2-07-310122-8
|b br.
|d 19
|
| 100 |
|
|
|a 20260513d2026 u u0frey01 ba
|
| 101 |
0 |
|
|a fre
|
| 102 |
|
|
|a FR
|
| 200 |
0 |
|
|a collision (La)
|f Paul Gasnier
|
| 207 |
|
1 |
|a
|
| 210 |
|
|
|a Paris
|b 5 rue Sébastien Bottin.
|c Gallimard
|d DL 2025
|
| 215 |
|
|
|a 1 vol. (160 p.)
|d 21 cm
|
| 330 |
|
|
|a En 2012, en plein centre-ville de Lyon, une femme décède brutalement, percutée par un jeune garçon en moto cross qui fait du rodéo urbain à 80 km/h. Dix ans plus tard, son fils, qui n a cessé d être hanté par le drame, est devenu journaliste. Il observe la façon dont ce genre de catastrophe est utilisé quotidiennement pour fracturer la société et dresser une partie de l opinion contre l autre. Il décide de se replonger dans la complexité de cet accident, et de se lancer sur les traces du motard pour comprendre d où il vient, quel a été son parcours et comment un tel événement a été rendu possible. En décortiquant ce drame familial, Paul Gasnier révèle deux destins qui s écrivent en parallèle, dans la même ville, et qui s ignorent jusqu au jour où ils entrent violemment en collision. C est aussi l histoire de deux familles qui racontent chacune l évolution du pays. Un récit en forme d enquête littéraire qui explore la force de nos convictions quand le réel les met à mal, et les manquements collectifs qui créent l irrémédiable.
|
| 700 |
|
0 |
|a Gasnier
|b Paul
|f 1990-....
|4 70
|
| 900 |
|
|
|a Roman
|
| 901 |
|
|
|a Adultes
|
| 995 |
|
|
|a Médiathèque
|c Médiathèque
|f 089021854
|h 089021854
|k R GAS
|o p
|q a
|r az
|e Médiathèque
|